First country to recognize the country's independence - Statistics

General Stats
  • This quiz has been taken 27 times
  • The average score is 10 of 18
Answer Stats
Country First country to recognize it Year % Correct
Mongolia Soviet Russia 1921
100%
Liberia United Kingdom 1848
100%
Panama United States of America 1903
91%
Lithuania Germany 1913
86%
South Korea Republic of China 1949
86%
Uzbekistan Turkey 1991
64%
Ecuador Peru 1831
59%
Slovenia Croatia 1991
55%
Indonesia Egypt 1946
55%
Tajikistan Iran 1991
55%
United States of America Morocco 1777
55%
Guinea Bissau Romania 1973
45%
Turkey Armenia 1920
41%
Ivory Coast Soviet Union 1960
41%
Greece Haiti 1822
36%
Bangladesh Bhutan 1971
27%
Kosovo Costa Rica 2008
23%
Argentina Hawaii 1818
9%
No matching quizzes found
Score Distribution
Percent of People with Each Score
Percentile by Number Answered
Your Score History
You have not taken this quiz